| 000 | 01137cam a2200277 4500 | ||
|---|---|---|---|
| 001 | WB3709-12 | ||
| 008 | 000000n2001 000 0 eng u | ||
| 035 | _a(Sirsi) u111204 | ||
| 245 | _aHomebuilding industry pays for planning failure | ||
| 260 | _c2001 | ||
| 490 |
_aBuilding Homes _v(2) February 2001, 8(1) |
||
| 520 | _aHousebuilders are paying £156m per annum, a third of the running costs, into the planning system which in turn is failing them as local authorities go against the advice of their officials and PPG3 guidelines. The delays experienced in obtaining planning permission and in taking disputes to appeal is threatening the achievement of sustainable development targets and forcing housebuilders to consider means of deferring payment to landowners. | ||
| 590 | _aWB | ||
| 600 | _aDELAYS | ||
| 650 | _aBROWNFIELD LAND | ||
| 650 | _aBROWNFIELD SITES | ||
| 650 | _aDELAYS | ||
| 650 | _aHOUSE BUILDERS | ||
| 650 | _aHOUSE BUILDING INDUSTRY | ||
| 650 | _aHOUSING | ||
| 650 | _aPLANNING SYSTEM | ||
| 650 | _aPPG3 | ||
| 650 | _aSUSTAINABLE DEVELOPMENT | ||
| 690 | _aHOUSING-DEVELOPMENT | ||
| 942 | _n0 | ||
| 999 |
_c66252 _d66252 |
||